000 00333nam a22001457a 4500
008 210607b ||||| |||| 00| 0 eng d
020 _a9780323004053
041 _aeng
080 _a616.073
082 _a616.073
100 _a6
101 _aRAD
245 _aRadiographic Imaging & Exposure
_cTerri L. Fauber
942 _2udc
_cBK
999 _c58020
_d58020